Marcatori della Spagna agli Europei - Polonia-Ucraina 2012 - Statistics

Statistiche generali
  • Questo quiz è stato fatto 5 volte
  • Il punteggio medio è 9 su 12
Statistiche sulle risposte
Partita Minuto Marcatore % Corretto
Spagna - Irlanda 4-0 4' Fernando Torres
100%
Spagna - Irlanda 4-0 70' Fernando Torres
100%
Spagna - Italia 4-0 84' Fernando Torres
100%
Spagna - Italia 1-1 64' Cesc Fàbregas
80%
Spagna - Irlanda 4-0 83' Cesc Fàbregas
80%
Spagna - Italia 4-0 41' Jordi Alba
80%
Spagna - Irlanda 4-0 49' David Silva
60%
Spagna - Italia 4-0 14' David Silva
60%
Spagna - Francia 2-0 19' Xabi Alonso
60%
Spagna - Francia 2-0 91' Xabi Alonso
60%
Croazia - Spagna 0-1 88' Jesús Navas
40%
Spagna - Italia 4-0 88' Juan Manuel Mata
40%
Nessun quiz corrispondente trovato
Distribuzione punteggi
Percentuale di utenti per punteggio
Percentile per numero di risposta
I tuoi punteggi nel tempo
Non hai fatto questo quiz